[Event "FICGS no engines 00 email"]
[Site "FICGS email"]
[Date "2009.04.03"]
[Round "1"]
[White "Biro, Istvan"]
[Black "Mor, Anton"]
[Result "1-0"]
[WhiteElo "1800"]
[BlackElo "1800"]
[PlyCount "41"]
[EventDate "2009.??.??"]
[EventType "swiss (corr)"]
[EventRounds "1"]
[SourceTitle "Corr 2022"]
[Source "ChessBase"]
[SourceDate "2021.10.24"]
[SourceVersion "1"]
[SourceVersionDate "2021.10.24"]
[SourceQuality "1"]

1. d4 c5 2. d5 Nf6 3. c4 e6 4. Nc3 Be7 5. d6 Bf8 6. e4 Nc6 7. f4 e5 8. Nb5 Qa5+ 9. Bd2 Qb6 10. fxe5 Nxe5 11. Bc3 Kd8 12. Bxe5 Nxe4 13. Qd5 Qa5+ 14. Kd1 f5 15. Bf4 h6 16. Nf3 Nf2+ 17. Kc2 a6 18. Ng5 axb5 19. Qe5 Bxd6 20. Nf7+ Kc7 21. Qxd6# 1-0